|
|
|
|
| LEADER |
01028ncm a2200265 a 4500 |
| 001 |
000054329 |
| 003 |
CZ BrMZK |
| 005 |
20220217130753.0 |
| 008 |
010907s1993 xr f cze d |
| 020 |
|
|
|a 80-901235-2-X
|
| 040 |
|
|
|a BOA001
|b cze
|
| 080 |
|
|
|a 786.2
|2 MRF
|
| 100 |
1 |
|
|a Horáček, Jiří,
|d 1941-2020
|7 ola2004217022
|4 cmp
|
| 245 |
1 |
0 |
|a Daleká plavba
|h [hudebnina] :
|b sedm snadných skladeb pro klavír /
|c Jiří Horáček ; rev. Jitka a Věroslav Němcovi.
|
| 246 |
3 |
1 |
|a Weite Seefahrt
|
| 246 |
3 |
1 |
|a Daleká plavba
|
| 260 |
|
|
|a Mladá Boleslav :
|b Tercie,
|c 1993
|
| 300 |
|
|
|a 15 s. ;
|c 30 cm
|
| 500 |
|
|
|a Náz. též něm. a angl.
|
| 700 |
1 |
|
|a Němec, Věroslav,
|d 1952-
|7 ola2003193898
|4 oth
|
| 700 |
1 |
|
|a Němcová, Jitka
|7 jx20090611043
|4 oth
|
| 910 |
|
|
|a BOA001
|b Mus4-1017.059
|
| 990 |
|
|
|a MU
|
| 996 |
7 |
|
|b 2610032282
|c Mus4-1017.059
|l MZK
|r Sklad / do 1 hodiny
|n 3
|p p.v.
|w 000054329
|u 000010
|a 1
|e BOA001
|j MZK50
|s A
|
| 996 |
6 |
|
|b 2610896265
|c Mus4-1017.059
|l MZK
|r Sklad / do 1 hodiny
|n 0
|p dar
|w 000054329
|u 000020
|a 1
|e BOA001
|j MZK50
|s P
|